Pakistan Economic Survey 2009-10/ (Record no. 36307)
[ view plain ]
| 000 -LEADER | |
|---|---|
| fixed length control field | 00448nam a22001457a 4500 |
| 005 - DATE AND TIME OF LATEST TRANSACTION | |
| control field | 20240806114400.0 |
| 008 - FIXED-LENGTH DATA ELEMENTS--GENERAL INFORMATION | |
| fixed length control field | 240806b |||||||| |||| 00| 0 eng d |
| 082 ## - DEWEY DECIMAL CLASSIFICATION NUMBER | |
| Classification number | 330.9549 |
| Item number | PAK |
| 245 ## - TITLE STATEMENT | |
| Title | Pakistan Economic Survey 2009-10/ |
| Statement of responsibility, etc. | Economic Adviser's Wing, Finance Division |
| 260 ## - PUBLICATION, DISTRIBUTION, ETC. | |
| Place of Publication | Islamabad. |
| Name of publisher, distributor, etc. | Economic Adviser's Wing, Finance Division |
| Date of publication, distribution, etc. | 2010 |
| 300 ## - PHYSICAL DESCRIPTION | |
| Pages | x, 137 p.: |
| 650 ## - SUBJECT ADDED ENTRY--TOPICAL TERM | |
| Subject / Department | Social Sciences |
| 300 ## - PHYSICAL DESCRIPTION | |
| -- | ill; |
| -- | 27.2 cm. |
| 952 ## - LOCATION AND ITEM INFORMATION (KOHA) | |
| -- | 0 |
| -- | 0 |
| Lost status | Damaged status | Collection code | Permanent Location | Current Location | Shelving Location | Date acquired | Full Call Number | Accession No./Barcode | Date last seen | item type | Koha item type |
|---|---|---|---|---|---|---|---|---|---|---|---|
| Economics/Commerce | Superior Information Resource Center (SIRC) Superior University - City Campus | Superior Information Resource Center (SIRC) Superior University - City Campus | Economics | 08/06/2024 | 338.9549 PAK 2010 | 7291 | 08/06/2024 | BOOK | BOOK |
